|
|
|
|
| LEADER |
00000nam a22000007aa4500 |
| 005 |
20131129125711.0 |
| 007 |
cr|||| |||| |
| 008 |
131129s2012 sp |||||s|||| 00||0 spa d |
| 020 |
|
|
|a 978-84-9031-501-9
|
| 035 |
|
|
|a 11659
|
| 040 |
|
|
|a vLex
|
| 090 |
|
|
|c 4610
|d 4610
|
| 100 |
1 |
|
|a Gorospe Oviedo, Juan Ignacio
|
| 245 |
1 |
0 |
|a Derecho financiero y tributario
|h [Recurso electrn̤ico] /
|c Juan Ignacio Gorospe Oviedo
|
| 256 |
|
|
|a Servicio en ln̕ea
|
| 260 |
|
|
|a Madrid :
|b Dykinson,
|c 2012
|
| 300 |
|
|
|a 1 recurso electrn̤ico
|
| 650 |
0 |
4 |
|a Derecho financiero y tributario
|
| 740 |
0 |
|
|a vLex Libros (Servicio en ln̕ea)
|
| 856 |
4 |
0 |
|u http://vlex.com/source/derecho-financiero-tributario-11659
|z Acceso restringido
|
| 942 |
|
|
|c BOOK
|
| 999 |
0 |
|
|a Finance--Law and legislation
|